| 000 | 00442cam a2200181ua 4500 | ||
|---|---|---|---|
| 020 | _cRs 3.00 | ||
| 041 |
_ahin _h |
||
| 082 |
_a891.54 _bSUM/HA |
||
| 100 | _aSumitranandan, Pant. | ||
| 245 |
_aHari bansuri sunhari ter / _cSmitranandan Pant. _hTextual Documents |
||
| 250 |
_a1 / _b. |
||
| 260 |
_a : _bRajpal and Sanch , _c1963. |
||
| 300 | _a148 ; . | ||
| 365 | _aRs 3.00 | ||
| 504 | _a | ||
| 942 | _cBK | ||
| 999 |
_c3586 _d3586 |
||